Textbook on economics for law students / (Record no. 42833)

MARC details
000 -LEADER
fixed length control field 03187nam a22003977a 4500
005 - DATE AND TIME OF LATEST TRANSACTION
control field 20100821114418.0
010 ## - LCCN (DPL NO)
LC control number ENG-101234 B-431023-034
020 ## - INTERNATIONAL STANDARD BOOK NUMBER
International Standard Book Number 9788175347885
Terms of availability 325.00
035 ## - SYSTEM CONTROL NUMBER
System control number EN-84767 B-431023-034
037 ## - SOURCE OF ACQUISITION
Source of stock number/acquisition DBAD/PUB
037 ## - SOURCE OF ACQUISITION
Source of stock number/acquisition Allied Pub/Ven
082 ## - DEWEY DECIMAL CLASSIFICATION NUMBER
Classification number 343.047
100 ## - MAIN ENTRY--PERSONAL NAME
Personal name Satija, Kalpana
245 ## - TITLE STATEMENT
Title Textbook on economics for law students /
Statement of responsibility, etc by Kalpana Satija
260 ## - PUBLICATION, DISTRIBUTION, ETC. (IMPRINT)
Place of publication, distribution, etc Delhi
Name of publisher, distributor, etc Universal Law Publishing
Date of publication, distribution, etc 2009
270 ## - ADDRESS
Address C-FF-1A, Dilkhush Industrial Estate (Opp. Hans Cinema, Azadpur) G. T. Karnal Road
City Delhi
Postal code 110033
300 ## - PHYSICAL DESCRIPTION
Extent lviii,710p.:
Other physical details ill.
Dimensions 24cm (pbk)
500 ## - GENERAL NOTE
General note includes index
650 ## - SUBJECT ADDED ENTRY--TOPICAL TERM
Topical term or geographic name as entry element Economic Law
650 ## - SUBJECT ADDED ENTRY--TOPICAL TERM
Topical term or geographic name as entry element Law- Economics Assitance
942 ## - ADDED ENTRY ELEMENTS (KOHA)
Source of classification or shelving scheme Dewey Decimal Classification
Item type English Books
Classification part 343.047
Call number suffix SAT
Holdings
Withdrawn status Lost status Not for loan Collection code Home library Current library Date acquired Source of acquisition Cost, normal purchase price Full call number Barcode Copy number Cost, replacement price Koha item type Public note
      Non-fiction Central Library Central Library 07/06/2011 Allied Pub/2961/29.3.11/85/24.3.11/31.3.11 325.00 343.047 SAT B-431023 1 325.00 English Books  
    Not For Loan Non-fiction D.B.Act.Division D.B.Act.Division 21/08/2010 DBAD/PUB 325.00 343.047 SAT EN-84767 1 325.00 English Books  
      Non-fiction Mobile Library Mobile Library 07/06/2011 Allied Pub/2961/29.3.11/85/24.3.11/31.3.11 325.00 343.047 SAT B-431024 5 325.00 English Books  
      Non-fiction Mobile Library Mobile Library 07/06/2011 Allied Pub/2961/29.3.11/85/24.3.11/31.3.11 325.00 343.047 SAT B-431025 5 325.00 English Books  
      Non-fiction Mobile Library Mobile Library 07/06/2011 Allied Pub/2961/29.3.11/85/24.3.11/31.3.11 325.00 343.047 SAT B-431026 5 325.00 English Books  
      Non-fiction Mobile Library Mobile Library 07/06/2011 Allied Pub/2961/29.3.11/85/24.3.11/31.3.11 325.00 343.047 SAT B-431027 5 325.00 English Books  
      Non-fiction Mobile Library Mobile Library 07/06/2011 Allied Pub/2961/29.3.11/85/24.3.11/31.3.11 325.00 343.047 SAT B-431028 5 325.00 English Books  
      Non-fiction Patel Nagar Patel Nagar 07/06/2011 Allied Pub/2961/29.3.11/85/24.3.11/31.3.11 325.00 343.047 SAT B-431029 1 325.00 English Books  
  Written-off vide DLB M. No. 383 dt 16.05.19   Non-fiction R.C.Libraries (BL-IV) R.C.Libraries (BL-IV) 07/06/2011 Allied Pub/2961/29.3.11/85/24.3.11/31.3.11 325.00 343.047 SAT B-431033 2 325.00 English Books  
      Non-fiction R.C.Libraries (BL-IV) R.C.Libraries (BL-IV) 07/06/2011 Allied Pub/2961/29.3.11/85/24.3.11/31.3.11 325.00 343.047 SAT B-431034 2 325.00 English Books  
      Non-fiction Sarojini Nagar Sarojini Nagar 07/06/2011 Allied Pub/2961/29.3.11/85/24.3.11/31.3.11 325.00 343.047 SAT B-431030 1 325.00 English Books  
Written off     Non-fiction Shahdara Branch Shahdara Branch 07/06/2011 Allied Pub/2961/29.3.11/85/24.3.11/31.3.11 325.00 343.047 SAT B-431031 1 325.00 English Books Written off vide C-30021/05/2022/Estt./110 dt.07.11.22
      Non-fiction Yojana Vihar Yojana Vihar 07/06/2011 Allied Pub/2961/29.3.11/85/24.3.11/31.3.11 325.00 343.047 SAT B-431032 1 325.00 English Books  

© Delhi Public Library
Hit Counter
free hit counter